සත්‍යවාදීන්ට ඇබෑර්තු ඇත /

Sathyavadinta aberthu atha
Saved in:
Bibliographic Details
Main Author: ඇල්විටිගල, රෝහණ
Format: Book
Published: [තැ.නො] : [ප්‍ර.නො], [?].
Tags: Add Tag
No Tags, Be the first to tag this record!

MARC

LEADER 00000nam a2200000 4500
003 LK-CoNLD
005 20260407132024.0
008 260407b |||||||| |||| 00| 0 ||| d
015 |2 slnb 
017 |a 281914  |b LK-CoDNA 
040 |a LK-CoNLD  |b SIN  |c LK-CoNLD  |d LK-CoNLD 
082 |2 23  |q LK-CoNLD 
100 |a ඇල්විටිගල, රෝහණ  |9 93273 
245 |6 880-1  |a සත්‍යවාදීන්ට ඇබෑර්තු ඇත /  |c රෝහණ ඇල්විටිගල. 
260 |a [තැ.නො] :  |b [ප්‍ර.නො],  |c [?]. 
300 |a පි. 69 ;  |b කබැ-බෝක : රු. 127.65  |c සෙමී. 18. 
500 |a මිල තීරණය කිරීමේ මාර්ගෝපදේශයට අනුව තීරණය කරන ලද මිල රු.127.65 වේ. 
880 |6 245-1  |a Sathyavadinta aberthu atha 
942 |c BOOK 
945 |a 21991  |b Nadeen WEERAKOON  |c 21991  |d Nadeen WEERAKOON 
999 |c 298724  |d 298724